Viscoelastic properties of rubber wood as influenced by moisture content, grain direction, frequency and temperature (Record no. 47876)

MARC details
000 -LEADER
fixed length control field 00580nam a2200193Ia 4500
100 ## - MAIN ENTRY--AUTHOR NAME
Personal name Kabir M F
245 #0 - TITLE STATEMENT
Title Viscoelastic properties of rubber wood as influenced by moisture content, grain direction, frequency and temperature
260 ## - PUBLICATION, DISTRIBUTION, ETC. (IMPRINT)
Name of publisher Journal of the Institute of Wood Science
Year of publication 1999
300 ## - PHYSICAL DESCRIPTION
Number of Pages 101-105
500 ## - GENERAL NOTE
General note CAB CD 2000
650 ## - SUBJECT ADDED ENTRY--TOPICAL TERM
Topical Term Moisture content
650 ## - SUBJECT ADDED ENTRY--TOPICAL TERM
Topical Term Wood preservation
650 ## - SUBJECT ADDED ENTRY--TOPICAL TERM
Topical Term Wood properties
700 ## - ADDED ENTRY--PERSONAL NAME
Personal name Daud W M
700 ## - ADDED ENTRY--PERSONAL NAME
Personal name Khalid K B
700 ## - ADDED ENTRY--PERSONAL NAME
Personal name Sidek H A A
942 ## - ADDED ENTRY ELEMENTS (KOHA)
Koha item type Bibliography RLWO
Holdings
Withdrawn status Lost status Damaged status Not for loan Home library Current library Date acquired Serial Enumeration / chronology Koha item type
      Bibliography RRII Library RRII Library 31/12/2021 Volume 15, Issue 2 Bibliography RLWO